RICS European housing review 2007 (Record no. 106413)

MARC details
000 -LEADER
fixed length control field 01614cam a2200241 4500
001 - CONTROL NUMBER
control field L136504
008 - FIXED-LENGTH DATA ELEMENTS--GENERAL INFORMATION
fixed length control field 070205n2007 000 0 eng u
035 ## - SYSTEM CONTROL NUMBER
System control number (Sirsi) u136504
041 0# - LANGUAGE CODE
Language code of text/sound track or separate title eng
050 ## - LIBRARY OF CONGRESS CALL NUMBER
Classification number 306.1094 $2 18
100 1# - MAIN ENTRY--PERSONAL NAME
Personal name Ball, Michael
245 00 - TITLE STATEMENT
Title RICS European housing review 2007
Medium [electronic resource]
260 ## - PUBLICATION, DISTRIBUTION, ETC.
Place of publication, distribution, etc. London
Name of publisher, distributor, etc. RICS
Date of publication, distribution, etc. 2007
490 #0 - SERIES STATEMENT
Series statement RICS European Housing Review
Volume/sequential designation 2007
520 ## - SUMMARY, ETC.
Summary, etc. Looks at the performance of European housing markets in 2006, analysing trends across the continent in areas such as inflation, building activity, mortgage markets and turnover. Amongst the key trends it was found that: Europe's housing markets did not cool in 2006 after interest rate rises; the majority were still experiencing double-digit house price inflation; transactions and mortgage borrowing were strongly up through most of Europe; the European Central Bank's interest rate rises have not been fully passed on in higher mortgage rates and seem to be having limited impact on housing markets; and the rate of house inflation fell somewhat in France and Spain but rose in Ireland and the UK. The publication is also published in Dutch, French, German, Italian and Spanish.
590 ## - LOCAL NOTE (RLIN)
Local note KA NTK
650 24 - SUBJECT ADDED ENTRY--TOPICAL TERM
Topical term or geographic name entry element RICS EUROPEAN HOUSING REVIEW
651 #4 - SUBJECT ADDED ENTRY--GEOGRAPHIC NAME
Geographic name Europe
690 ## - LOCAL SUBJECT ADDED ENTRY--TOPICAL TERM (OCLC, RLIN)
Topical term or geographic name as entry element PROPERTY-RESIDENTIAL PROPERTY-RESIDENTIAL PROPERTY MARKET
710 2# - ADDED ENTRY--CORPORATE NAME
Corporate name or jurisdiction name as entry element Royal Institution of Chartered Surveyors
Subordinate unit Public Affairs
9 (RLIN) 4679
856 40 - ELECTRONIC LOCATION AND ACCESS
Uniform Resource Identifier <a href="https://www.rics.org/site/download_feed.aspx?fileID=1315&fileExtension=PDF">https://www.rics.org/site/download_feed.aspx?fileID=1315&fileExtension=PDF</a>
Public note View the report free of charge on the www.rics.org website.
942 ## - ADDED ENTRY ELEMENTS (KOHA)
Suppress in OPAC 0
Holdings
Withdrawn status Lost status Source of classification or shelving scheme Damaged status Not for loan Home library Current library Shelving location Date acquired Total Checkouts Full call number Barcode Date last seen Copy number Price effective from Koha item type
    Dewey Decimal Classification     Virtual Virtual Online 05/02/2007   ONLINE PUBLICATION 136504-1001 06/08/2019 1 06/08/2019 Journal article